| 000 | 01530nas a2200277Ia 4500 | ||
|---|---|---|---|
| 001 | R262-R6089 | ||
| 003 | IT-CnALBA | ||
| 008 | 170116c99999999xx |||||||||||| ||und|| | ||
| 040 |
_aIT-CnALBA _cIT-CnALBA |
||
| 041 | _aITALIANO | ||
| 100 | _aSIRI GIUSEPPE, CARDINALE DI GENOVA | ||
| 210 | _aRIVISTA DIOCESANA GENOVESE | ||
| 222 | _aRIVISTA DIOCESANA GENOVESE | ||
| 245 | 0 | _aRIVISTA DIOCESANA GENOVESE. BOLLETTINO UFFICIALE CURIA ARCIVESCOVILE. MARZO APRILE 1970. | |
| 250 | _a1a ed. | ||
| 260 |
_a GENOVA _bBIESSE GRAFICA _c1970 [1° Ed.:1970 - Ed.Ling.Originale: 1970] |
||
| 300 | _a80 p. | ||
| 310 | _aBIMESTRALE | ||
| 362 | _aFascicolo: 2 / (1970) | ||
| 500 | _aAI PARROCI E QUARESIMALISTI DI ROMA. ATTI DELLA SANTA SEDE. BORZONE L. CAVIGLIONE C. PASTORINO A. DISCORSO AL TRIBUNALE DELLA ROMANA ROTA. PAOLO VI. REGOLAMENTO DEL CONSIGLIO PASTORALE. PMELIA MESSA CRESIMALE. OMELIA PER LA PREPARAZIONE AL CONCRESSO. COMITATI DEL CONGRESSO UECARISTICO. LETTERA DEI VESCOVI DELLA GERMANIA. | ||
| 501 | _aSocietà San Paolo EM - Piazza San Paolo, 14 - 12051 ALBA (CN) (non commercial uses only) ® Copyright 2017 | ||
| 520 | _aAI PARROCI E QUARESIMALISTI DI ROMA. ATTI DELLA SANTA SEDE. BORZONE L. CAVIGLIONE C. PASTORINO A. DISCORSO AL TRIBUNALE DELLA ROMANA ROTA. PAOLO VI. REGOLAMENTO DEL CONSIGLIO PASTORALE. PMELIA MESSA CRESIMALE. OMELIA PER LA PREPARAZIONE AL CONCRESSO. COMITATI DEL CONGRESSO UECARISTICO. LETTERA DEI VESCOVI DELLA GERMANIA. | ||
| 650 | _aECCLESIOLOGIA | ||
| 942 | _cCR | ||
| 957 | _71 | ||
| 999 |
_a54010 _bNO _g1 _c324628 _d324628 |
||